Kendilikten kaçış (Record no. 10232)

MARC details
000 -BAŞLIK
Sabit Uzunlukta Kontrol Alanı 01021na a2200301 4500
001 - KONTROL NUMARASI
Denetim Alanı 12648
003 - KONTROL NUMARASI IDENTIFIER
Denetim Alanı MIRAKIL
005 - SON İŞLEM TARİHİ VE ZAMANI
Denetim Alanı 20181213155312.0
008 - SABİT-BOY VERİ ELEMANLARI - GENEL BİLGİLER
Sabit Uzunlukta Kontrol Alanı 160825b tu 000 0
020 ## - ULUSLARARASI STANDART KİTAP NUMARASI
Uluslararası Standart Kitap Numarası 9786053991816
035 ## - SİSTEM KONTROL NUMARASI
Sistem Kontrol Numarası 12648
040 ## - KATALOGLAMA KAYNAK
Orijinal Kataloglama Ajansı Milas
Kataloglama Dili tur
Metne Dönüştürmek Ajansı TR-AnCHP
082 ## - DEWEY ONLU SINIFLANDIRMA NUMARASI
Sınıflandırma Numarası 155.2
Ürün Numarası K63k 2012
090 ## - SINIFLAMA NUMARASI
Sınıflama Numarası 155.2 K63k 2012
100 ## - ANA GİRİŞ - KİŞİSEL İSİM
Kişisel Ad Kogan, Ilany
245 ## - BAŞLIK TABLOSU
Başlık Kendilikten kaçış
Başlığın Kalan sınırları yıkmak, bir-liğe duyulan açlık
Sorumluluk Tablosu, Vb Ilany Kogan ; çeviren Banu Büyükkal ; yayına hazırlayan Belgin Çınar.
246 ## - UNVAN FORM VARYING
Başlık Doğru / Kısa Başlığı Sınırları yıkmak, birliğe duyulan açlık
260 ## - YAYIN, DAĞITIM, VB
Yayın, Dağıtım, Vb Yeri İstanbul
Yayıncı, Dağıtıcı, Vs Adı İstanbul Bilgi Üniversitesi Yayınları
Yayın, Dağıtım, Vb Tarihi 2012.
300 ## - FİZİKSEL TANIM
Kapsam Xİİİ, 119 s.
Boyutlar 23 sm.
490 ## - SERİSİ TABLOSU
Seri Beyanı Psike İstanbul Psikanaliz Kitaplığı Şimdi ve Burada
Hacim / Ardışık Tanımı 2
490 ## - SERİSİ TABLOSU
Seri Beyanı İstanbul Bilgi Üniversitesi yayınları
Hacim / Ardışık Tanımı 375
504 ## - KAYNAKÇA VB NOT
Kaynakça Vb Notu Dizin var.
650 ## - KONU KATMA GİRİŞ - TOPİKAL DÖNEM
Topikal Süreli Veya Coğrafi Ad Giriş Elemanı Benlik
Genel Alt Bölümü Psikoloji
650 ## - KONU KATMA GİRİŞ - TOPİKAL DÖNEM
Topikal Süreli Veya Coğrafi Ad Giriş Elemanı Psikanaliz
650 ## - KONU KATMA GİRİŞ - TOPİKAL DÖNEM
Topikal Süreli Veya Coğrafi Ad Giriş Elemanı Birey psikolojisi
700 ## - KATMA GİRİŞ - KİŞİSEL İSİM
Kişisel Ad Büyükkal, Banu,
942 ## - EKLENDİ GİRİŞ ELEMANLARI (KOHA)
Sınıflandırma Veya Raf Düzeni Kaynak Dewey Decimal Classification
Koha Öğesi Türü Books
999 ## - SİSTEM KONTROL NUMARALARI (KOHA)
Koha Biblionumber 10232
Koha Biblioitemnumber 10232
Holdings
Kalıcı Konum Mevcut Konum Edinme Tarihi Edinim Kaynak Toplam Check-Out'Lar Tam Çağrı Numarası Barkod Tarih Son Görülme İtibaren Geçerli Fiyatlar Koha Öğesi Türü
CHP Kütüphanesi CHP Kütüphanesi 07/29/2016 Bağış   155.2 K63k 2012 000166 07/29/2016 07/29/2016 Books